10 największych państw w Europie - Statystyki

Ogólne statystyki
  • Ten quiz został rozwiązany 84 razy
  • Średni wynik to 9 z 10
Statystyki odpowiedzi
Hint Odpowiedź % Poprawnych
8 Polska
99%
1 Francja
97%
3 Hiszpania
96%
6 Niemcy
96%
5 Norwegia
95%
2 Ukraina
93%
9 Włochy
93%
4 Szwecja
92%
7 Finlandia
89%
10 Wielka brytania
86%
Nie znaleziono quizów pasujących do podanych kryteriów
Rozkład punktacji
Procent ludzi z każdym wynikiem
Percentyl według liczby udzielonych odpowiedzi
Twoja historia wyników
Nie rozwiązałeś tego quizu